Entry Personal Name
Number of records used in: 1
001 - CONTROL NUMBER
003 - CONTROL NUMBER IDENTIFIER
005 - DATE AND TIME OF LATEST TRANSACTION
- control field:
20230902114758.0
008 - FIXED-LENGTH DATA ELEMENTS
- fixed length control field:
920422n| azannaabn |a aaa
010 ## - LIBRARY OF CONGRESS CONTROL NUMBER
- LC control number:
n 92044208
035 ## - SYSTEM CONTROL NUMBER
- System control number:
(OCoLC)oca03158718
040 ## - CATALOGING SOURCE
- Original cataloging agency:
DLC
- Language of cataloging:
eng
- Description conventions:
rda
- Transcribing agency:
DLC
- Modifying agency:
IEN
- Modifying agency:
NN
- Modifying agency:
IEN
046 ## - SPECIAL CODED DATES
- Birth date:
1943-10-10
- Source of date scheme:
edtf
100 1# - HEADING--PERSONAL NAME
- Personal name:
Tribe, Michael A.,
- Dates associated with a name:
1943-
370 ## - ASSOCIATED PLACE
- Associated country:
Great Britain
- Other associated place:
Uganda
- Source of term:
naf
372 ## - FIELD OF ACTIVITY
- Field of activity:
Economics
- Source of term:
lcsh
373 ## - ASSOCIATED GROUP
- Associated group:
University of Bradford
- Source of term:
naf
374 ## - OCCUPATION
- Occupation:
Economists
- Source of term:
lcsh
377 ## - ASSOCIATED LANGUAGE
400 1# - SEE FROM TRACING--PERSONAL NAME
- Personal name:
Tribe, M. A.
- Fuller form of name:
(Michael A.),
- Dates associated with a name:
1943-
670 ## - SOURCE DATA FOUND
- Source citation:
Yaffey, M.J.H. Rehabilitation in adverse environments, c1992:
- Information found:
CIP t.p. (Michael A. Tribe; Univ. of Bradford)
670 ## - SOURCE DATA FOUND
- Source citation:
Phone call to publisher, 04-22-92
- Information found:
(Michael A. Tribe; b. 10-10-43)
670 ## - SOURCE DATA FOUND
- Source citation:
Patterns of housing demand in Uganda, 1967:
- Information found:
t.p. (M.A. Tribe, Dept. of Economics)